Nguyễn Công Trứ

vv

Đã lưu trong:
Chi tiết thư mục
Tác giả chính: Vũ Ngọc Khánh
Định dạng: Sách
Năm xuất bản: H. Văn hóa thông tin 1996
Chủ đề:
Tags: Thêm thẻ
Không có thẻ, Hãy là người đầu tiên gắn thẻ bản ghi này!
LEADER 01338nam a2200217 4500
082 |a 895.9228  |b V500NG 
100 |a Vũ Ngọc Khánh 
245 |a Nguyễn Công Trứ  |c Vũ Ngọc Khánh 
260 |a H.  |b Văn hóa thông tin  |c 1996 
300 |a 247tr.  |c 21cm 
520 |a vv 
653 |a Văn học 
653 |a Việt Nam 
653 |a Tạp văn 
942 |2 ddc  |c STK0 
999 |c 4417  |d 4417 
952 |0 0  |1 0  |2 ddc  |4 0  |6 895_922800000000000_V500NG  |7 0  |8 800  |9 43542  |a qbu  |b qbu  |c D5  |d 2014-12-19  |g 24000  |o 895.9228 V500NG  |p 3822.C1  |r 0000-00-00  |w 2014-12-19  |y STK0  |0 0  |6 895_922800000000000_V500NG 
952 |0 0  |1 0  |2 ddc  |4 0  |6 895_922800000000000_V500NG  |7 0  |8 800  |9 43543  |a qbu  |b qbu  |c D5  |d 2014-12-19  |g 24000  |o 895.9228 V500NG  |p 3822.C2  |r 0000-00-00  |w 2014-12-19  |y STK0  |0 0  |6 895_922800000000000_V500NG 
952 |0 0  |1 0  |2 ddc  |4 0  |6 895_922800000000000_V500NG  |7 0  |8 800  |9 43544  |a qbu  |b qbu  |c D5  |d 2014-12-19  |g 24000  |o 895.9228 V500NG  |p 3822.C3  |r 0000-00-00  |w 2014-12-19  |y STK0  |0 0  |6 895_922800000000000_V500NG 
952 |0 0  |1 0  |2 ddc  |4 0  |6 895_922800000000000_V500NG  |7 0  |8 800  |9 43545  |a qbu  |b qbu  |c D5  |d 2014-12-19  |g 24000  |o 895.9228 V500NG  |p 3822.C4  |r 0000-00-00  |w 2014-12-19  |y STK0  |0 0  |6 895_922800000000000_V500NG 
952 |0 0  |1 0  |2 ddc  |4 0  |6 895_922800000000000_V500NG  |7 0  |8 800  |9 43546  |a qbu  |b qbu  |c D5  |d 2014-12-19  |g 24000  |o 895.9228 V500NG  |p 3822.C5  |r 0000-00-00  |w 2014-12-19  |y STK0  |0 0  |6 895_922800000000000_V500NG